Normal view
MARC view
Entry Personal Name
001 - CONTROL NUMBER
- control field: 17263
003 - CONTROL NUMBER IDENTIFIER
- control field: OSt
005 - DATE AND TIME OF LATEST TRANSACTION
- control field: 20230215094648.0
008 - FIXED-LENGTH DATA ELEMENTS
- fixed length control field: 230215|| aca||aabn | a|a d
040 ## - CATALOGING SOURCE
- Original cataloging agency: OSt
- Transcribing agency: OSt
100 ## - HEADING--PERSONAL NAME
- Personal name: ဥတ္တရ၊ ဦး
670 ## - SOURCE DATA FOUND
- Source citation: Work cat.: (OSt): ဥတ္တရ၊ ဦး, ရှင်မဟာကဿပထေရဂုဏ်ဆီခေါ်အလောင်းတော်ကဿပသမိုင်းအကျဉ်းချုပ်ကျမ်း\